000 00864nam a2200217Ii 4500
003 JO-AjNU
008 230605s9999||||xx |||||||||||||| ||und||
017 _a2006/7/1896
040 _aJO-AjNU
_bara
_erda
_cJO-AjNU
041 _aara
050 1 4 _aTS155.7.A9964 2010
100 3 _aالعزاوي، نجم ؛ م.مشارك: عبد الله النقار,
_eauthor
_930900
245 0 0 _aإدارة البيئة نظم ومتطلبات وتطبيقات ISO14000
250 _aط2
264 3 1 _aعمان: دار المسيرة للنشر والتوزيع والطباعة، 2010
300 _a248ص
_bالمراجع ص 201-211 ؛ الملاحق ص213-248
336 _atext
_btxt
_2rdacontent
337 _aunmediated
_bn
_2rdamedia
338 _avolume
_bnc
_2rdacarrier
650 4 _aادارة البيئة- حفظ الموارد- سياسة البيئة
_930901
999 _aA12301
_c15869
_d15869